000 00642nam a2200181 a 4500
001 000034581
005 20200930073758.0
008 111010s2008 xxud 000 0 spa d
020 _a9781604565133
040 _aDO-SdBNP
_bspa
_cBNPHU
082 _axxxx
_bK84
245 0 0 _aKorea :
_beconomic, political and social Issues /
_cPaul H. Elwood, Jeremuy B. Albertus.
260 _aNew York :
_bNova Science Publishers,
_c2008.
300 _a222 p. :
_bgráf. ;
_c25 cm.
500 _aIncluye referencias bibliográficas y notas al pie de las páginas e índice
700 1 2 _aElwood, Paul H.,
_eed.
_960016
700 1 2 _aAlbertus, Jeremy,
_eed.
_960017
999 _c34072
_d34072